000 00927nam a2200265 a 4500
001 000028317
003 OSt
005 20240409073642.0
008 110407t1947 fr 001 0dfre d
040 _aDO-SdBNP
_bspa
_cBNPHU
041 0 7 _afre
049 _aBNPD
082 4 _a972.93053
_bG643t
_222
100 1 _aGonzález-Blanco, Pedro
_944950
245 1 0 _aTrujillo :
_bou comment on relève une nation /
_cPedro González-Blanco ; tradución del español de Maurice D´Hartoy.
260 _aParis :
_bComité Français des Amis de la République Dominicaine,
_c1947.
300 _a103 p. ;
_c19 cm.
490 1 _aLes grandes figures du monde moderne
546 _aFrancés
600 1 0 _aTrujillo Molina, Rafael Leónidas,
_d 1891-1961
_976764
700 1 _aD´Hartoy, Maurice,
_etr.
_955303
830 0 _aLes grandes figures du monde moderne
_955304
910 _aValidado. Control de calidad EMS.
942 _2ddc
_cLBS1
999 _c27809
_d27809